| 000 | 01040cam a22003132 4500 | ||
|---|---|---|---|
| 001 | 012916435 | ||
| 003 | UkOxU | ||
| 005 | 20220105130524.0 | ||
| 008 | 751215s1976 njua b 001 0 eng | ||
| 010 | _a75044357 //r842 | ||
| 020 | _a0135021871 | ||
| 035 | _aOCLC ocm01976832 from D971009M | ||
| 040 |
_aDLC _cDLC _dEQO |
||
| 050 | 0 |
_aQK711.2 _b.N63 |
|
| 060 | _aQK711.2 N776i | ||
| 082 | 0 |
_a582/.01 _219 |
|
| 100 | 1 |
_aNoggle, Glen Ray, _d1914- _9527 |
|
| 245 | 1 | 0 |
_aIntroductory plant physiology / _cG. Ray Noggle, George J. Fritz. |
| 260 |
_aEnglewood Cliffs, N.J. : _bPrentice-Hall, _cc1976. |
||
| 300 |
_axiv, 688 p. : _bill. ; _c25 cm. |
||
| 490 | 1 | _aPrentice-Hall biological sciences series | |
| 504 | _aIncludes bibliographies and index. | ||
| 650 | 0 |
_aPlant physiology. _9528 |
|
| 650 | 2 |
_aPlants _xphysiology. _9529 |
|
| 700 | 1 |
_aFritz, George J. _q(George John), _d1919- _9530 |
|
| 830 | 0 |
_aPrentice-Hall biological science series. _9531 |
|
| 942 |
_2ddc _cBK _n0 |
||
| 999 |
_c79123 _d79123 |
||